000 00883nam a22002177a 4500
003 0
005 20250127151256.0
008 250127b xxu||||| |||| 00| 0 eng d
050 _aHD 1375
_b.G65 2019
100 _aGokesan, Marvin Jay M.
245 _aAnalyzing physical and environmental factors in procuring real estate property in in muntinlupa, parañaque, and las piñas
_cMarvin Jay M. Gokesan
260 _aLas Pinas City
_bSouthville International School and Colleges
_c2019
300 _av, 41 pages ;
_c28 cm.
500 _aMarketing Management.
504 _aIncludes bibliographical references and index.
650 _aReal estate investment—Environmental aspects.
650 _aReal property—Economic aspects.
650 _aLand use—Planning—Muntinlupa (Philippines).
651 _aLand use—Planning—Parañaque (Philippines).
942 _2lcc
_cTH
999 _c367077
_d367077